[Event "Dhaka Marcel 1st Division"]
[Site "Dhaka"]
[Date "2019.11.14"]
[Round "3.1"]
[White "Utsab, Chatterjee"]
[Black "Rahman, Almasur"]
[Result "1-0"]
[WhiteElo "2225"]
[BlackElo "1958"]
[PlyCount "76"]
[EventDate "2019.11.12"]
[EventType "team-tourn"]
[EventRounds "9"]
[EventCountry "BAN"]
[SourceTitle "CBM 193 Extra"]
[Source "ChessBase"]
[SourceDate "2020.01.31"]
[SourceVersion "1"]
[SourceVersionDate "2020.01.31"]
[SourceQuality "1"]
[WhiteTeam "Shahin CC"]
[BlackTeam "Mir CC"]
[WhiteTeamCountry "BAN"]
[BlackTeamCountry "BAN"]

1. e4 e5 2. Nf3 Nc6 3. Bb5 a6 4. Ba4 Be7 5. d3 d6 6. c3 Nf6 7. 0-0 0-0 8. Re1 b5 9. Bb3 Na5 10. Bc2 c5 11. Nbd2 Re8 12. Nf1 Bf8 13. d4 cxd4 14. cxd4 Qc7 15. Bg5 Be7 16. Rc1 Bg4 17. Ne3 exd4 18. e5 Bxf3 19. Qxf3 Qb7 20. Qxb7 Nxb7 21. exf6 gxf6 22. Nd5 fxg5 23. Nxe7+ Kf8 24. Nf5 Re5 25. Nxd4 h5 26. Rxe5 dxe5 27. Nf3 Rc8 28. Nxe5 Nd6 29. Nd3 f6 30. Bd1 Rxc1 31. Nxc1 h4 32. b4 Ke7 33. Nb3 Ne4 34. Bc2 Nc3 35. a3 Kd6 36. Nc5 Ne2+ 37. Kf1 Nd4 38. Bd3 Kd5 1-0